Skylines - Statistiken

Allgemein
  • Dieses Quiz wurde 71 mal gespielt
  • Das Durchschnittsergebnis liegt bei 9 aus 13
Antwortstatistiken
Bildquiz Antwort % Korrekt
Sydney
90%
Tokio
84%
Dubai
81%
San Francisco
71%
Singapur
66%
Shanghai
65%
Kuala Lumpur
63%
Toronto
63%
Chicago
61%
Frankfurt
60%
Seattle
60%
Hongkong
50%
New York City
45%
Keine übereinstimmenden Quizze gefunden
Verteilung der Resultate
Anzahl Personen mit jedem Resultat
Perzentil nach korrekt beantworteten Fragen
Ihre Resultats-Entwicklung
Sie haben dieses Quiz noch nicht gespielt